Quarterly national accounts number 2
Gespeichert in:
| Format: | Buch |
|---|---|
| Sprache: | Englisch |
| Veröffentlicht: |
Paris
OECD
1998
|
| Schlagworte: | |
| Tags: |
Keine Tags, Fügen Sie das erste Tag hinzu!
|
MARC
| LEADER | 00000nam a2200000 4500 | ||
|---|---|---|---|
| 001 | c120007 | ||
| 005 | 20240104114724.8 | ||
| 020 | |a 92-64-05713-7 | ||
| 022 | |a 0304-3738 | ||
| 041 | 0 | |a eng | |
| 044 | |a FR | ||
| 245 | 1 | 0 | |a Quarterly national accounts |b number 2 |
| 264 | 1 | |a Paris |b OECD |c 1998 | |
| 300 | |a 281 s. | ||
| 610 | 2 | 0 | |a účty národné |
| 610 | 2 | 0 | |a ukazovatele štatistické |
| 610 | 2 | 0 | |a OECD |